000 00342nam a2200133Ia 4500
008 240624s9999 xx 000 0 und d
041 _aeng
082 _a658.421 NIC
100 _aNICHOLLS ALEX
245 _aSOCIAL ENTREPRENEURSHIP NEW MODELS OF SU
260 _c2008
_aUK
_bOxford University Press
300 _a504 : p.
365 _cBPS
_b29
999 _c24291
_d24291